000 00586nam a2200217Ia 4500
005 20250923145755.0
008 008 250917s9999 xx 000 0 eng d
037 _aTextual
040 _aDSWL
_beng
_cDSWL
041 _aeng
_2eng
084 _aY:45.2, N83
_qDSWL
100 _aSiddique, A.
_9838810
245 0 _aCriminology: Problems and parspectives
_cby A.Siddique
250 _a2nd
260 _aLucknow
_bEastern B.Co.
_c1983
300 _axi,467p.
365 _aINR
_b50.00
925 _g50.00
942 _cTEXL
_hY:45.2, N83
999 _c1455517
_d1455517